000 00349 a2200109 4500
001 ART_9706
005 20260410161838.0
008 260409a
245 1 0 _aUn modelo de decisión referido al control de calidad
100 1 _aWajchman, Mauricio
773 0 _tContabilidad y administración
_g- Año 6, Nº 64 (oct. 1982)
_wREV5485
999 _c23826
_d23826